000 00632nam a2200181Ia 4500
003 LK-CoDNM
008 010623t2011 xxu||||| |||| 00| 1 sin d
040 _aLK-CoDNM
_dLK-CoDNM
_eLK-CoDNM
041 _asin
080 _a294.3 SRI
100 _aSri Piyarathana,Makuluduwwe
245 _aපිරුවානා පොත් වහන්සේ නම් යත් සන්න සහිත මහ පිරිත් පොත
246 _aPiruwana Poth Wahanse Nam yath Sanna Sahitha Maha Pirith Potha
260 _bGunasena
_aColombo
_c2011
300 _b350, 21 cm
700 _aSri Wachisasara Himi,Dewndara
942 _cBK
999 _c131294
_d131294